| 000 | 00809cam a2200253 a 4500 | ||
|---|---|---|---|
| 001 | 000019813 | ||
| 005 | 20200929170141.0 | ||
| 008 | 771220s1958 sp 001 d spa d | ||
| 035 | _a(OCoLC)3503718 | ||
| 040 |
_aDO-SdBNP _cUU _dOCoLC _dDLC |
||
| 082 |
_a864.6 _bM333ó |
||
| 100 | 1 |
_aMarías, Julián, _d1914-2005 _98842 |
|
| 245 | 1 | 3 |
_aEl oficio del pensamiento / _cJulián Marías. |
| 260 |
_aMadrid : _bEspasa-Calpe, _c1958. |
||
| 300 |
_a227 p. ; _c18 cm. |
||
| 490 | 1 |
_aAustral. Verde: ensayos y filosofía _v1410 |
|
| 650 | 4 |
_aEnsayos españoles _93095 |
|
| 650 | 4 |
_aLiteratura española _9632 |
|
| 650 | 4 |
_aFilosofía _xEnsayos, conferencias, etc. _933791 |
|
| 830 | 0 |
_aAustral _pVerde: ensayos y filosofía; _v1410 _98733 |
|
| 910 | _aCatalogación derivada / LC | ||
| 910 | _aWM | ||
| 049 | _aBNGR | ||
| 999 |
_c19326 _d19326 |
||